CANCER LATENCY PREVENTION AND CURE THROUGH MIASMATICS (Record no. 20464)

MARC details
000 -LEADER
fixed length control field 00312nam a22001337a 4500
003 - CONTROL NUMBER IDENTIFIER
control field SGT
082 ## - DEWEY DECIMAL CLASSIFICATION NUMBER
Classification number 616.66
Item number C16B
100 ## - MAIN ENTRY--PERSONAL NAME
Personal name BRADLEY, F.J.
245 ## - TITLE STATEMENT
Title CANCER LATENCY PREVENTION AND CURE THROUGH MIASMATICS
260 ## - PUBLICATION, DISTRIBUTION, ETC. (IMPRINT)
Place of publication, distribution, etc INDIA
Name of publisher, distributor, etc B.JAIN PUB
Year of Publication 2016
300 ## - PAGE DESCRIPTION
No. of Pages 92
650 ## - SUBJECT ADDED ENTRY--TOPICAL TERM
Topical term or geographic name as entry element HOMOEOPATHIC
942 ## - ADDED ENTRY ELEMENTS (KOHA)
Source of classification or shelving scheme Dewey Decimal Classification
Koha item type Books

No items available.